01325cam a2200241 a 450000100100000000500170001000800410002702000150006804000250008308200190010810000370012724500750016426000590023930000210029850400700031950503460038965000620073565000250079765100510082265000730087395201220094699900150106800000343320200929150436.0960612s1995 nju b 001 0 spa d a1884975046 aDO-SdBNPbspacBNPHU aCu860.9bJ614a1 aJiménez, Luis A.d1984-91070513aEl arte autobiográfico en Cuba en el siglo XIX /cLuis A. Jiménez. aNew Brunswick, New Jersey :bOmeteca Institute,c1995. a188 p. ;c22 cm. aIncluye referencias bibliográficas(p. [161]-174) y el índice.0 aLa condesa de Merlín y la expresión de la otredad -- Manzano: voces y silencios narrativos -- Diario de amor de Gertrudis Gómez de Avellaneda -- Epistolario de Juana Borrero -- Poesía autobiográfica y ficción en "La niña de Guatemala" -- Casal y la poética de la "Autobiografía" -- Zenea y la alegoría de la separación. 4aLiteratura cubanaySIGLO XIXxHistoria y crítica910706 4aAutobiografía9323 4aCubaxBiografíaxHistoria Y Crítica910707 0aAutores cubanosySIGLO XIXxBiografíaxHistoria y crítica910708 001052708MOaGRbGRcCTd2009-07-08iLF1l0oCu860.9 J614ap3433-10r2020-06-25w2020-06-25y2ZPréstamo interno c3263d3263